|
|
|
|
| LEADER |
00000nac a22000007a 4500 |
| 003 |
Ucuenca |
| 005 |
20230308225437.0 |
| 008 |
171019b2017 ec ||||| |||| 00| 0 spa d |
| 999 |
|
|
|c 152676
|d 152676
|
| 040 |
|
|
|b spa
|a UCuenca-cdrjbv
|c UCuenca
|e rda
|
| 041 |
0 |
|
|a spa
|
| 082 |
0 |
|
|a 352
|
| 110 |
2 |
|
|a Asociación de Municipalidades Ecuatorianas.
|g AME
|9 50795
|
| 245 |
|
|
|a Memorias técnicas: debates nacionales sobre el estado de la descentralización en el Ecuador
|c Asociación de Municipalidades Ecuatorianas
|
| 264 |
|
|
|a Quito
|b Asociación de Municipalidades Ecuatorianas
|c 2017
|
| 300 |
|
|
|a 43 páginas:
|b tab
|c 21 cm
|
| 336 |
|
|
|2 rdacontent
|a texto
|b txt
|
| 337 |
|
|
|2 rdamedia
|a no mediado
|b n
|
| 338 |
|
|
|2 rdacarrier
|a volumen
|b nc
|
| 490 |
|
|
|a Cuaderno de Trabajo
|n no. 3
|
| 504 |
|
|
|a incl. ref.
|
| 650 |
|
|
|9 49600
|a Desentralizacion administrativa
|
| 650 |
|
|
|9 211288
|a Gobiernos autonomos
|
| 650 |
|
|
|9 103750
|a Municipios del ecuador
|
| 942 |
|
|
|c CR
|z nube.salto@ucuenca.edu.ec
|2 ddc
|